[Event "Landesliga Ost MVP 2013-14"]
[Site "?"]
[Date "2014.03.16"]
[Round "7.6"]
[White "Stock, Joachim"]
[Black "Mueller, Wilfried"]
[Result "1/2-1/2"]
[WhiteElo "1580"]
[BlackElo "1361"]
[PlyCount "51"]
[EventType "team-tourn"]
[EventRounds "9"]
[EventCountry "GER"]
[WhiteTeam "SG Eintracht Neubrandenburg II"]
[BlackTeam "SC Seehotel Binz-Therme Rügen"]
[WhiteTeamCountry "GER"]
[BlackTeamCountry "GER"]

1. e4 e5 2. Nf3 Nc6 3. Bc4 Nf6 4. Nc3 Be7 5. d4 exd4 6. Nxd4 Nxd4 7. Qxd4 c5 8.
Qd1 d6 9. O-O O-O 10. Re1 Re8 11. Bf4 Be6 12. Be2 a6 13. Bf3 Rb8 14. b3 Nd7 15.
Bxd6 Bxd6 16. Qxd6 Qf6 17. e5 Qg5 18. Rad1 Red8 19. Qd2 Qe7 20. Qe3 Re8 21. Ne2
Bf5 22. c4 Qxe5 23. Qd2 Qc7 24. Ng3 Rxe1+ 25. Qxe1 Be6 26. Bd5 1/2-1/2

[Event "Landesliga Ost MVP 2013-14"]
[Site "?"]
[Date "2014.03.16"]
[Round "7.7"]
[White "Ritter, Wolfgang"]
[Black "Sommer, Hans Hermann"]
[Result "0-1"]
[WhiteElo "1482"]
[BlackElo "1663"]
[PlyCount "62"]
[EventType "team-tourn"]
[EventRounds "9"]
[EventCountry "GER"]
[WhiteTeam "SC Seehotel Binz-Therme Rügen"]
[BlackTeam "SG Eintracht Neubrandenburg II"]
[WhiteTeamCountry "GER"]
[BlackTeamCountry "GER"]

1. c4 Nf6 2. Nc3 g6 3. Nf3 Bg7 4. d4 d5 5. cxd5 Nxd5 6. e4 Nxc3 7. bxc3 c5 8.
Be3 O-O 9. Bc4 Nc6 10. Rb1 cxd4 11. cxd4 Bg4 12. Be2 Bxf3 13. Bxf3 Nxd4 14.
Bxd4 Bxd4 15. O-O Rb8 16. Qa4 e5 17. Rfd1 Qe8 18. Qc4 b5 19. Qb4 Qe6 20. Qb3
Qb6 21. Rb2 Rfc8 22. Rc2 Rc5 23. Rdc1 Bxf2+ 24. Kh1 Rbc8 25. g3 Rxc2 26. Rxc2
Rxc2 27. Qxc2 Bd4 28. h4 h5 29. Qc8+ Kg7 30. g4 Qf6 31. Bg2 Qxh4+ 0-1

[Event "Landesliga Ost MVP 2013-14"]
[Site "?"]
[Date "2014.03.16"]
[Round "7.8"]
[White "Friedrich, Joerg"]
[Black "Mundt, Friedhelm"]
[Result "1-0"]
[WhiteElo "1648"]
[BlackElo "1181"]
[PlyCount "55"]
[EventType "team-tourn"]
[EventRounds "9"]
[EventCountry "GER"]
[WhiteTeam "SG Eintracht Neubrandenburg II"]
[BlackTeam "SC Seehotel Binz-Therme Rügen"]
[WhiteTeamCountry "GER"]
[BlackTeamCountry "GER"]

1. d4 Nf6 2. Nc3 d5 3. e4 dxe4 4. f3 exf3 5. Nxf3 e6 6. Bg5 Be7 7. a3 O-O 8.
Qd2 Nbd7 9. O-O-O c6 10. Bd3 Nd5 11. Bxe7 Qxe7 12. Ne4 N7f6 13. Rde1 Nxe4 14.
Rxe4 Bd7 15. Rh4 f5 16. g4 Qf6 17. g5 Qe7 18. Rg1 g6 19. Rh6 Qg7 20. Ne5 Rad8
21. h4 Be8 22. h5 gxh5 23. Rxe6 Bf7 24. g6 Be8 25. gxh7+ Kxh7 26. Rxg7+ Kxg7
27. Qh6+ Kg8 28. Qg5+ 1-0

[Event "Landesliga Ost MVP 2013-14"]
[Site "?"]
[Date "2014.03.16"]
[Round "7.1"]
[White "Luethke, Hans Eckart"]
[Black "Voelschow, Siegfried"]
[Result "1-0"]
[WhiteElo "2096"]
[BlackElo "1975"]
[PlyCount "103"]
[EventType "team-tourn"]
[EventRounds "9"]
[EventCountry "GER"]
[WhiteTeam "SSC Graal-Müritz"]
[BlackTeam "SV Waterkant Saal"]
[WhiteTeamCountry "GER"]
[BlackTeamCountry "GER"]

1. e4 e5 2. Nf3 Nc6 3. d4 exd4 4. Nxd4 Bc5 5. Be3 Qf6 6. c3 Nge7 7. Bc4 Ng6 8.
O-O Nge5 9. Be2 d6 10. Nb5 Qe7 11. Bxc5 dxc5 12. f4 a6 13. N5a3 Ng6 14. Nd2 b5
15. Nc2 c4 16. Qe1 Qc5+ 17. Qf2 Qxf2+ 18. Rxf2 Bb7 19. g3 O-O-O 20. Bf1 Rhe8
21. Re1 Nf8 22. a4 Ne6 23. axb5 axb5 24. b4 cxb3 25. Nxb3 b4 26. cxb4 Ned4 27.
Ncxd4 Nxd4 28. Nc5 f5 29. Nxb7 Kxb7 30. e5 Kb6 31. Ra1 Ra8 32. Rfa2 Rxa2 33.
Rxa2 g5 34. Kf2 gxf4 35. gxf4 Nb5 36. Ke3 Rd8 37. Bd3 Nc3 38. Ra6+ Kb7 39. Rh6
Nd1+ 40. Ke2 Nc3+ 41. Kd2 Nd5 42. Bxf5 Nxf4+ 43. Kc2 Re8 44. Be4+ Kc8 45. Bf5+
Kb7 46. e6 Re7 47. h4 Kc6 48. Bxh7 Rxe6 49. Rxe6+ Nxe6 50. h5 Kb5 51. Kc3 Nf4
52. Bd3+ 1-0

[Event "Landesliga Ost MVP 2013-14"]
[Site "?"]
[Date "2014.03.16"]
[Round "7.2"]
[White "Schwarz, Eckhard"]
[Black "Schumann, Lutz"]
[Result "1-0"]
[WhiteElo "1843"]
[BlackElo "1838"]
[PlyCount "125"]
[EventType "team-tourn"]
[EventRounds "9"]
[EventCountry "GER"]
[WhiteTeam "SV Waterkant Saal"]
[BlackTeam "SSC Graal-Müritz"]
[WhiteTeamCountry "GER"]
[BlackTeamCountry "GER"]

1. Nf3 Nf6 2. b3 g6 3. Bb2 Bg7 4. c4 d6 5. d4 O-O 6. Nbd2 c6 7. g3 Na6 8. Bg2
Bf5 9. O-O Qd7 10. Rc1 Rac8 11. Re1 Rfd8 12. e4 Bg4 13. Bc3 Nc7 14. Qc2 Bh6 15.
Rcd1 Bh3 16. Qd3 Bxg2 17. Kxg2 Bg7 18. h3 d5 19. exd5 cxd5 20. c5 e6 21. a4 Qc6
22. Ne5 Qa6 23. Qe3 Nce8 24. Ra1 Nd7 25. Ndf3 Nxe5 26. Nxe5 b6 27. Nxf7 Kxf7
28. Qxe6+ Kf8 29. Re3 Qb7 30. Bb4 bxc5 31. Bxc5+ Rxc5 32. Rf3+ Bf6 33. dxc5 Kg7
34. Rc1 d4 35. c6 Qc7 36. b4 d3 37. b5 Bb2 38. Rd1 d2 39. Qa2 Qe5 40. Re3 Qf6
41. Qc4 Nd6 42. Qe6 Bc1 43. Qe7+ Nf7 44. c7 Rc8 45. Qd7 Qf5 46. Qd4+ Qf6 47.
Qc3 Qxc3 48. Rxc3 Kf6 49. a5 Ke7 50. b6 axb6 51. axb6 Nd6 52. f4 Nb7 53. Kf3
Nd6 54. g4 Ke6 55. Rc6 Kd7 56. Rxd6+ Kxd6 57. b7 Kxc7 58. bxc8=Q+ Kxc8 59. f5
Kd7 60. Kf4 Ke7 61. Kg5 Kf7 62. fxg6+ hxg6 63. Kh6 1-0

[Event "Landesliga Ost MVP 2013-14"]
[Site "?"]
[Date "2014.03.16"]
[Round "7.3"]
[White "Schulz, Wolf Detlef"]
[Black "Onasch, Gunnar"]
[Result "0-1"]
[WhiteElo "1838"]
[BlackElo "1863"]
[PlyCount "108"]
[EventType "team-tourn"]
[EventRounds "9"]
[EventCountry "GER"]
[WhiteTeam "SSC Graal-Müritz"]
[BlackTeam "SV Waterkant Saal"]
[WhiteTeamCountry "GER"]
[BlackTeamCountry "GER"]

1. e4 c5 2. Nc3 Nc6 3. f4 g6 4. Nf3 Bg7 5. Bc4 e6 6. O-O Nge7 7. Qe1 O-O 8. Qh4
d5 9. Bb3 a6 10. a4 Nd4 11. d3 $11 Nxb3 12. cxb3 Nc6 13. e5 Qxh4 14. Nxh4 Bh6
15. Ne2 Rd8 16. Be3 Nxe5 17. fxe5 Bxe3+ 18. Kh1 Bd7 19. Nf3 b5 20. Nc3 Rdb8 21.
Rae1 Bh6 22. Rf2 bxa4 23. bxa4 Rb4 24. Ref1 Be3 25. Re2 Bd4 26. Ng5 Be8 27. h3
$11 h6 28. Nf3 Bxa4 29. Na2 Rb3 30. Nc1 Rb6 31. Nxd4 cxd4 32. Ref2 Be8 33. Rc2
Rc6 34. Rd2 Rb8 35. Ne2 Rb4 36. Kh2 Rcb6 37. Rb1 a5 38. Nf4 a4 39. Rc1 Rxb2 40.
Rxb2 Rxb2 41. Rc8 Kf8 42. Ra8 Rb7 43. Ne2 Ke7 44. Nxd4 Bd7 45. Nf3 Bb5 46. d4
Kd7 47. Kg3 Kc7 48. Kf2 Kb6 49. Ne1 Rc7 50. Ke3 Ba6 51. Nd3 Rc3 52. Rxa6+ Kxa6
53. Kd2 Rxd3+ 54. Kxd3 Kb6 0-1

[Event "Landesliga Ost MVP 2013-14"]
[Site "?"]
[Date "2014.03.16"]
[Round "7.4"]
[White "Richter, Frank"]
[Black "Micheel, Peter"]
[Result "1/2-1/2"]
[WhiteElo "1655"]
[BlackElo "1710"]
[PlyCount "35"]
[EventType "team-tourn"]
[EventRounds "9"]
[EventCountry "GER"]
[WhiteTeam "SV Waterkant Saal"]
[BlackTeam "SSC Graal-Müritz"]
[WhiteTeamCountry "GER"]
[BlackTeamCountry "GER"]

1. d4 Nf6 2. Nf3 e6 3. c4 d5 4. Nc3 c5 5. e3 Nc6 6. Bd3 cxd4 7. exd4 Be7 8. O-O
O-O 9. a3 dxc4 10. Bxc4 Bd7 11. Be3 Qc7 12. Nb5 Qc8 13. Qe2 a6 14. Nc3 b5 15.
Bd3 Nd5 16. Nxd5 exd5 17. Rac1 Qb7 18. b4 1/2-1/2

[Event "Landesliga Ost MVP 2013-14"]
[Site "?"]
[Date "2014.03.16"]
[Round "7.6"]
[White "Rath, Wolfgang"]
[Black "Nickel, Reimo"]
[Result "0-1"]
[WhiteElo "1661"]
[BlackElo "1767"]
[PlyCount "20"]
[EventType "team-tourn"]
[EventRounds "9"]
[EventCountry "GER"]
[WhiteTeam "SSC Graal-Müritz"]
[BlackTeam "SV Waterkant Saal"]
[WhiteTeamCountry "GER"]
[BlackTeamCountry "GER"]

1. e4 e5 2. Bc4 Nf6 3. d3 h6 4. Nc3 Bb4 5. Bd2 O-O 6. a3 Ba5 7. b4 Bb6 8. Nge2
Ng4 9. O-O Qh4 10. h3 Nxf2 0-1

[Event "Landesliga Ost MVP 2013-14"]
[Site "?"]
[Date "2014.03.16"]
[Round "7.6"]
[White "Ehmann, Roland"]
[Black "Kundt, Guenther"]
[Result "1-0"]
[WhiteElo "1507"]
[BlackElo "1528"]
[PlyCount "91"]
[EventType "team-tourn"]
[EventRounds "9"]
[EventCountry "GER"]
[WhiteTeam "SV Waterkant Saal"]
[BlackTeam "SSC Graal-Müritz"]
[WhiteTeamCountry "GER"]
[BlackTeamCountry "GER"]

1. d4 d5 2. Bg5 c6 3. e3 Nd7 4. f4 Ngf6 5. Nf3 Ne4 6. Bd3 Ndf6 7. O-O Qb6 8.
Qc1 e6 9. c3 Bd7 10. a4 Bd6 11. a5 Qc7 12. b4 O-O 13. Ne5 Nxg5 14. fxg5 Ne4 15.
Nf3 f5 16. gxf6 Rxf6 17. Nbd2 Nxd2 18. Qxd2 Rh6 19. h3 Rf8 20. e4 Bf4 21. Qe2
Qc8 22. e5 Qd8 23. Nh2 Qg5 24. Ng4 Rh4 25. Rf3 Be8 26. Raf1 h5 27. Nf2 Rf7 28.
Kh1 a6 29. Rg1 Bg3 30. Nd1 Rff4 31. Qe3 Bf7 32. Rxg3 Qh6 33. Rf3 Rfg4 34. Qxh6
gxh6 35. Nf2 Rf4 36. g3 Rxf3 37. gxh4+ Kf8 38. Rg2 Ke7 39. Kg1 Re3 40. Kf1 Rf3
41. Ke2 Rf4 42. Rg7 Kf8 43. Rh7 Rxh4 44. Rh8+ Kg7 45. Rb8 Rf4 46. Rxb7 1-0

[Event "Landesliga Ost MVP 2013-14"]
[Site "?"]
[Date "2014.03.16"]
[Round "7.8"]
[White "Hiltner, Harald"]
[Black "Schroeter, Reinhard"]
[Result "1/2-1/2"]
[WhiteElo "1515"]
[BlackElo "1476"]
[PlyCount "76"]
[EventType "team-tourn"]
[EventRounds "9"]
[EventCountry "GER"]
[WhiteTeam "SV Waterkant Saal"]
[BlackTeam "SSC Graal-Müritz"]
[WhiteTeamCountry "GER"]
[BlackTeamCountry "GER"]

1. e4 c5 2. Nf3 d6 3. Be2 Nc6 4. b3 Nf6 5. d3 e6 6. Bb2 Be7 7. e5 dxe5 8. Nxe5
Nxe5 9. Bxe5 Bd6 10. Bxd6 Qxd6 11. Nd2 Bd7 12. Nc4 Qc7 13. O-O Nd5 14. Bf3 Bc6
15. Re1 O-O 16. Qd2 Nb4 17. Bxc6 Nxc6 18. Re4 e5 19. Rae1 f5 20. R4e3 Rfe8 21.
f4 e4 22. dxe4 Qxf4 23. Qd5+ Kh8 24. Qxf5 Rf8 25. Qxf4 Rxf4 26. c3 Raf8 27. e5
Rf2 28. R3e2 Rxe2 29. Rxe2 g6 30. e6 Ne7 31. Ne5 Kg7 32. Nd7 Rf5 33. c4 b6 34.
Rf2 g5 35. g4 Rxf2 36. Kxf2 Ng6 37. Kf3 Nf4 38. a3 Nxe6 1/2-1/2

[Event "Landesliga Ost MVP 2013-14"]
[Site "?"]
[Date "2014.03.16"]
[Round "7.1"]
[White "Stork, Michael"]
[Black "Patzenhauer, Max"]
[Result "1/2-1/2"]
[WhiteElo "2009"]
[BlackElo "1858"]
[PlyCount "66"]
[EventType "team-tourn"]
[EventRounds "9"]
[EventCountry "GER"]
[WhiteTeam "ESV Waren"]
[BlackTeam "SV Motor Wolgast 1949"]
[WhiteTeamCountry "GER"]
[BlackTeamCountry "GER"]

1. Nf3 Nf6 2. c4 g6 3. Nc3 Bg7 4. e4 d6 5. d4 O-O 6. Be2 c6 7. O-O Nbd7 8. Be3
e5 9. d5 cxd5 10. cxd5 Ng4 11. Bg5 f6 12. Bh4 g5 13. Bg3 Nh6 14. h4 Nf7 15. Nd2
f5 16. exf5 gxh4 17. Bh2 Nh6 18. Rc1 Nxf5 19. Nb5 Nf6 20. Nc7 Rb8 21. Bd3 Nd4
22. Re1 Rf7 23. Nb5 Nxb5 24. Bxb5 h3 25. Bf1 hxg2 26. Bxg2 Bf5 27. Nc4 Rc8 28.
a4 Qd7 29. Qb3 Bh6 30. Rc3 Kh8 31. Bxe5 dxe5 32. Nxe5 Rxc3 33. bxc3 Re7 1/2-1/2

[Event "Landesliga Ost MVP 2013-14"]
[Site "?"]
[Date "2014.03.16"]
[Round "7.2"]
[White "Reinke, Thomas"]
[Black "Schumacher, Albrecht"]
[Result "1-0"]
[WhiteElo "1847"]
[BlackElo "1925"]
[PlyCount "95"]
[EventType "team-tourn"]
[EventRounds "9"]
[EventCountry "GER"]
[WhiteTeam "SV Motor Wolgast 1949"]
[BlackTeam "ESV Waren"]
[WhiteTeamCountry "GER"]
[BlackTeamCountry "GER"]

1. e4 c6 2. d4 d5 3. Nc3 dxe4 4. Nxe4 Nd7 5. Nf3 Ngf6 6. Bd3 Nxe4 7. Bxe4 Nf6
8. Qe2 Bg4 9. c3 e6 10. Bg5 Qa5 11. Bxf6 gxf6 12. h3 Bh5 13. g4 Bg6 14. Nd2
O-O-O 15. a4 Bh6 16. b4 Bxd2+ 17. Qxd2 Qc7 18. Bxg6 hxg6 19. Qe3 a5 20. Rb1 Rd5
21. O-O e5 22. dxe5 Qxe5 23. Qxe5 fxe5 24. Kg2 Rd3 25. Rfe1 Rxc3 26. Rxe5 axb4
27. Rxb4 Rhxh3 28. Re7 Rb3 29. Rf4 Rh7 30. f3 Rb2+ 31. Kg3 Rhh2 32. Rfxf7 Kb8
33. Rxb7+ Ka8 34. Rxb2 Rxb2 35. Rf6 Kb7 36. Rxg6 Ra2 37. Re6 Rxa4 38. g5 c5 39.
g6 c4 40. f4 c3 41. Re2 Rc4 42. Rc2 Kb6 43. g7 Rc8 44. f5 Kb5 45. Kg4 Kb4 46.
Kg5 Kb3 47. Rxc3+ Kxc3 48. f6 1-0

[Event "Landesliga Ost MVP 2013-14"]
[Site "?"]
[Date "2014.03.16"]
[Round "7.3"]
[White "Wittig, Harry"]
[Black "Riebort, Frank"]
[Result "1/2-1/2"]
[WhiteElo "1867"]
[BlackElo "1932"]
[PlyCount "37"]
[EventType "team-tourn"]
[EventRounds "9"]
[EventCountry "GER"]
[WhiteTeam "ESV Waren"]
[BlackTeam "SV Motor Wolgast 1949"]
[WhiteTeamCountry "GER"]
[BlackTeamCountry "GER"]

1. d4 Nf6 2. Nf3 g6 3. c4 Bg7 4. g3 O-O 5. Bg2 d6 6. O-O Nc6 7. d5 Nb8 8. Nc3
e5 9. e4 Nbd7 10. b4 a5 11. Ba3 axb4 12. Bxb4 b6 13. Ne1 Ne8 14. Nd3 f5 15. f3
Ndf6 16. Nf2 Bh6 17. Qe2 fxe4 18. Ncxe4 Nxe4 19. Nxe4 1/2-1/2

[Event "Landesliga Ost MVP 2013-14"]
[Site "?"]
[Date "2014.03.16"]
[Round "7.4"]
[White "Zimmermann, Frank"]
[Black "Schreiner, Wolfgang"]
[Result "1/2-1/2"]
[WhiteElo "1606"]
[BlackElo "1789"]
[PlyCount "71"]
[EventType "team-tourn"]
[EventRounds "9"]
[EventCountry "GER"]
[WhiteTeam "SV Motor Wolgast 1949"]
[BlackTeam "ESV Waren"]
[WhiteTeamCountry "GER"]
[BlackTeamCountry "GER"]

1. f4 e5 2. fxe5 Nc6 3. Nf3 g5 4. d4 g4 5. Ng5 Bh6 6. d5 Bxg5 7. dxc6 dxc6 8.
Qxd8+ Bxd8 9. e4 Be6 10. Nc3 Ne7 11. Bg5 Rg8 12. Bf6 Rg6 13. O-O-O Ng8 14. Bxd8
Rxd8 15. Rxd8+ Kxd8 16. g3 Rg5 17. Bg2 Rxe5 18. a3 Nf6 19. Rf1 Ke7 20. Rf2 Rh5
21. Bh1 Nd7 22. Ne2 Re5 23. Kd2 Nc5 24. Ke3 f5 25. Nc3 Nxe4 26. Bxe4 fxe4 27.
Nxe4 Bd5 28. Rf4 h5 29. Kd4 Rxe4+ 30. Rxe4+ Bxe4 31. Kxe4 Kf6 32. a4 a5 33. b3
b5 34. Kd4 Ke6 35. c4 bxa4 36. bxa4 1/2-1/2

[Event "Landesliga Ost MVP 2013-14"]
[Site "?"]
[Date "2014.03.16"]
[Round "7.6"]
[White "Pochop, Bert"]
[Black "Lotz, Robert"]
[Result "1-0"]
[WhiteElo "1797"]
[BlackElo "1736"]
[PlyCount "81"]
[EventType "team-tourn"]
[EventRounds "9"]
[EventCountry "GER"]
[WhiteTeam "SV Motor Wolgast 1949"]
[BlackTeam "ESV Waren"]
[WhiteTeamCountry "GER"]
[BlackTeamCountry "GER"]

1. d4 d5 2. c4 c6 3. e3 Nf6 4. Bd3 g6 5. Ne2 Bg7 6. O-O O-O 7. Nbc3 dxc4 8.
Bxc4 b5 9. Bd3 Qc7 10. b4 a5 11. bxa5 Rxa5 12. Bd2 Ra8 13. Qc2 Qd6 14. Ng3 e5
15. dxe5 Qxe5 16. a4 bxa4 17. Rxa4 Rxa4 18. Nxa4 Bb7 19. Rb1 Ba8 20. Nb6 Nbd7
21. Nxa8 Rxa8 22. Qxc6 Ra1 23. Rxa1 Qxa1+ 24. Qc1 Qxc1+ 25. Bxc1 Nd5 26. Bc4
N7b6 27. Bxd5 Nxd5 28. e4 Nc3 29. Bd2 Nb5 30. Ne2 f6 31. Nf4 Kf7 32. Nd3 Bf8
33. Bb4 Bxb4 34. Nxb4 Ke6 35. f3 f5 36. Kf2 fxe4 37. fxe4 g5 38. Ke3 h6 39. Nc6
Nd6 40. g4 Nb5 41. Nd4+ 1-0

[Event "Landesliga Ost MVP 2013-14"]
[Site "?"]
[Date "2014.03.16"]
[Round "7.7"]
[White "Mayerhoff, Lothar"]
[Black "Macherius, Uwe"]
[Result "0-1"]
[WhiteElo "1570"]
[BlackElo "1595"]
[PlyCount "78"]
[EventType "team-tourn"]
[EventRounds "9"]
[EventCountry "GER"]
[WhiteTeam "ESV Waren"]
[BlackTeam "SV Motor Wolgast 1949"]
[WhiteTeamCountry "GER"]
[BlackTeamCountry "GER"]

1. d4 d5 2. Nf3 Nf6 3. c4 e6 4. a3 Be7 5. Nc3 c6 6. e3 Nbd7 7. Bd3 dxc4 8. Bxc4
Nb6 9. Ba2 Nbd5 10. O-O Nxc3 11. bxc3 Qa5 12. Qb3 Ne4 13. Bb2 Qh5 14. Bb1 Ng5
15. Nxg5 Qxg5 16. f4 Qh5 17. Qd1 Qb5 18. Qd2 c5 19. Be4 Rb8 20. d5 exd5 21.
Bxd5 c4 22. e4 Qb6+ 23. Kh1 Be6 24. Bxe6 Qxe6 25. f5 Qb6 26. Qf2 Qxf2 27. Rxf2
Rd8 28. a4 Bf6 29. Re1 Be5 30. g4 f6 31. Re3 Rd1+ 32. Kg2 Kf7 33. Rf1 Rxf1 34.
Kxf1 Bxh2 35. Ba3 Be5 36. Bc5 b6 37. Ba3 Rd8 38. Ke2 h6 39. Bc1 Bf4 0-1

[Event "Landesliga Ost MVP 2013-14"]
[Site "?"]
[Date "2014.03.16"]
[Round "7.8"]
[White "Klotzsche, Stefan"]
[Black "Stork, Leonard Christopher"]
[Result "1-0"]
[WhiteElo "1626"]
[BlackElo "1359"]
[PlyCount "49"]
[EventType "team-tourn"]
[EventRounds "9"]
[EventCountry "GER"]
[WhiteTeam "SV Motor Wolgast 1949"]
[BlackTeam "ESV Waren"]
[WhiteTeamCountry "GER"]
[BlackTeamCountry "GER"]

1. Nf3 Nf6 2. g3 c5 3. Bg2 Nc6 4. d3 g6 5. O-O Bg7 6. a3 O-O 7. c4 d5 8. cxd5
Nxd5 9. e4 Nc7 10. Qc2 Nd4 11. Nxd4 Bxd4 12. Nd2 Bg4 13. Nc4 Qd7 14. Rb1 Rfd8
15. b4 cxb4 16. Rxb4 b5 17. Na5 Bb6 18. Nc6 Na6 19. Rb3 Rdc8 20. Rc3 f6 21. e5
Bd4 22. Nxd4 Qxd4 23. Bb2 Rxc3 24. Bxc3 Rc8 25. Qb3+ 1-0

[Event "Landesliga Ost MVP 2013-14"]
[Site "?"]
[Date "2014.03.16"]
[Round "7.1"]
[White "Pruesse, Horst"]
[Black "Voelsgen, Georg"]
[Result "0-1"]
[WhiteElo "1947"]
[BlackElo "1943"]
[PlyCount "62"]
[EventType "team-tourn"]
[EventRounds "9"]
[EventCountry "GER"]
[WhiteTeam "SG Eintracht Neubrandenburg"]
[BlackTeam "SV Gryps"]
[WhiteTeamCountry "GER"]
[BlackTeamCountry "GER"]

1. a3 e5 2. c4 f5 3. e4 d6 4. d4 Nc6 5. dxe5 dxe5 6. Qxd8+ Nxd8 7. Nc3 Nf6 8.
Nb5 Ne6 9. exf5 a6 10. fxe6 axb5 11. Nf3 Bxe6 12. Nxe5 Bb4+ 13. Bd2 Bxd2+ 14.
Kxd2 O-O-O+ 15. Ke1 Rhe8 16. f4 Rd4 17. cxb5 Rxf4 18. Nf3 Bg4+ 19. Kf2 Ne4+ 20.
Kg1 Bxf3 21. gxf3 Ng5 22. Rd1 Nxf3+ 23. Kf2 Nh4+ 24. Kg3 g5 25. Bh3+ Kb8 26.
Rd3 Ref8 27. Bg4 Rf2 28. b4 R8f4 29. Rg1 h5 30. Bxh5 Nf5+ 31. Kh3 Rh4# 0-1

[Event "Landesliga Ost MVP 2013-14"]
[Site "?"]
[Date "2014.03.16"]
[Round "7.2"]
[White "Windjaeger, Gerd"]
[Black "Rossmann, Andreas"]
[Result "1-0"]
[WhiteElo "1893"]
[BlackElo "1977"]
[PlyCount "57"]
[EventType "team-tourn"]
[EventRounds "9"]
[EventCountry "GER"]
[WhiteTeam "SV Gryps"]
[BlackTeam "SG Eintracht Neubrandenburg"]
[WhiteTeamCountry "GER"]
[BlackTeamCountry "GER"]

1. d4 Nf6 2. Nf3 e6 3. e3 c5 4. Bd3 d5 5. c3 Nc6 6. Nbd2 Be7 7. O-O b6 8. Qe2
Bb7 9. dxc5 bxc5 10. e4 O-O 11. e5 Nd7 12. Re1 Qc7 13. Nf1 Rfe8 14. Bf4 Nf8 15.
h4 d4 16. h5 dxc3 17. bxc3 Rad8 18. h6 g6 19. Ne3 Nd7 20. Ng4 Qa5 21. Rac1 Nb6
22. Bg5 Nd7 23. Qe3 c4 24. Bb1 Qc7 25. Bxe7 Rxe7 26. Qg5 Ree8 27. Nf6+ Nxf6 28.
Qxf6 Kf8 29. Ng5 1-0

[Event "Landesliga Ost MVP 2013-14"]
[Site "?"]
[Date "2014.03.16"]
[Round "7.3"]
[White "Stoevesand, Eric"]
[Black "Mauser, Tassilo Tino"]
[Result "1/2-1/2"]
[WhiteElo "1929"]
[BlackElo "1804"]
[PlyCount "81"]
[EventType "team-tourn"]
[EventRounds "9"]
[EventCountry "GER"]
[WhiteTeam "SG Eintracht Neubrandenburg"]
[BlackTeam "SV Gryps"]
[WhiteTeamCountry "GER"]
[BlackTeamCountry "GER"]

1. e4 c5 2. Nf3 e6 3. d4 cxd4 4. Nxd4 Nc6 5. Nc3 a6 6. Be3 Qc7 7. Bd3 Nf6 8.
O-O Bb4 9. Nde2 O-O 10. Bf4 Ne5 11. a3 Bd6 12. Bg3 Nxd3 13. Qxd3 Bxg3 14. Nxg3
b5 15. Rad1 Bb7 16. Qd6 Rac8 17. f3 Rfd8 18. Nge2 Ne8 19. Qxc7 Rxc7 20. Rd2 Kf8
21. Rfd1 Ke7 22. Nf4 g5 23. Nd3 Nd6 24. Ne5 Nc4 25. Nxc4 Rxc4 26. Rd3 h5 27.
Rd4 Rc5 28. R1d2 f6 29. Kf2 d6 30. g3 a5 31. Ke2 Ba6 32. Kf2 Rc4 33. Rxc4 bxc4
34. Ne2 Bb7 35. Rd4 d5 36. Nc3 Bc6 37. exd5 exd5 38. Nd1 Rb8 39. Rd2 Ke6 40.
Ke3 Kd6 41. Kd4 1/2-1/2

[Event "Landesliga Ost MVP 2013-14"]
[Site "?"]
[Date "2014.03.16"]
[Round "7.4"]
[White "Hollatz, Michael"]
[Black "Baier, Karsten"]
[Result "0-1"]
[WhiteElo "1743"]
[BlackElo "1894"]
[PlyCount "66"]
[EventType "team-tourn"]
[EventRounds "9"]
[EventCountry "GER"]
[WhiteTeam "SV Gryps"]
[BlackTeam "SG Eintracht Neubrandenburg"]
[WhiteTeamCountry "GER"]
[BlackTeamCountry "GER"]

1. e4 d5 2. exd5 Nf6 3. Bc4 Nxd5 4. Nc3 e6 5. Nge2 Be7 6. d3 O-O 7. Bd2 Nc6 8.
O-O Nb6 9. Bb3 Na5 10. Nd5 Nxb3 11. Nxe7+ Qxe7 12. axb3 e5 13. Re1 Bg4 14. f3
Bf5 15. Ng3 Bg6 16. Ra5 f6 17. f4 Nd7 18. Bc3 b6 19. Ra4 Rfe8 20. Rc4 c5 21.
fxe5 fxe5 22. Ra4 b5 23. Ra6 b4 24. Bd2 Nf6 25. Bg5 Qb7 26. Qa1 Nd5 27. Ne4
Bxe4 28. Rxe4 h6 29. Bh4 Nf4 30. Bg3 Rf8 31. Ra5 Qc6 32. Rxa7 Rxa7 33. Qxa7
Qxe4 0-1

[Event "Landesliga Ost MVP 2013-14"]
[Site "?"]
[Date "2014.03.16"]
[Round "7.5"]
[White "Meyer, Detlef"]
[Black "Giering, Nils"]
[Result "0-1"]
[WhiteElo "1827"]
[BlackElo "1617"]
[PlyCount "116"]
[EventType "team-tourn"]
[EventRounds "9"]
[EventCountry "GER"]
[WhiteTeam "SG Eintracht Neubrandenburg"]
[BlackTeam "SV Gryps"]
[WhiteTeamCountry "GER"]
[BlackTeamCountry "GER"]

1. e4 e5 2. Nf3 Nc6 3. d4 exd4 4. Bc4 Be7 5. c3 d6 6. cxd4 Nf6 7. Nc3 O-O 8.
O-O Bg4 9. Be3 a6 10. a3 b5 11. Ba2 Na5 12. Rc1 Rc8 13. b4 Nb7 14. Bb1 c5 15.
bxc5 dxc5 16. d5 Bd6 17. Qc2 Bxf3 18. gxf3 b4 19. Ne2 Re8 20. Kh1 Qd7 21. axb4
cxb4 22. Qd3 Qh3 23. Bf4 Bxf4 24. Nxf4 Qh6 25. Rxc8 Rxc8 26. Ne2 Nd7 27. f4
Nbc5 28. Qg3 a5 29. Nd4 Qg6 30. Qh3 Re8 31. f3 Qa6 32. Rg1 Nf8 33. e5 Nd3 34.
Qf5 Nc5 35. Nc6 Qe2 36. Qg4 g6 37. Nd4 Qd2 38. Nf5 Nd3 39. Bxd3 Qxd3 40. d6 b3
41. Ne7+ Kh8 42. f5 b2 43. fxg6 fxg6 44. Qf4 Nd7 45. e6 Rf8 46. Qe4 Qxe4 47.
fxe4 a4 48. Nd5 a3 49. Nc3 Nc5 50. e7 Ra8 51. Na2 Rb8 52. Nc3 Kg7 53. Rf1 a2
54. Nxa2 b1=Q 55. Rxb1 Rxb1+ 56. Kg2 Kf7 57. Nc3 Rb2+ 58. Kf3 Rb3 0-1

[Event "Landesliga Ost MVP 2013-14"]
[Site "?"]
[Date "2014.03.16"]
[Round "7.6"]
[White "Sadewasser, Lucie"]
[Black "Stoevesand, Peter"]
[Result "0-1"]
[WhiteElo "1431"]
[BlackElo "1831"]
[PlyCount "68"]
[EventType "team-tourn"]
[EventRounds "9"]
[EventCountry "GER"]
[WhiteTeam "SV Gryps"]
[BlackTeam "SG Eintracht Neubrandenburg"]
[WhiteTeamCountry "GER"]
[BlackTeamCountry "GER"]

1. e4 e5 2. d3 Nc6 3. f4 d6 4. g3 Nf6 5. Nf3 Bg4 6. Be2 Qd7 7. f5 O-O-O 8. Bg5
Bxf3 9. Bxf3 Be7 10. Nc3 h6 11. Be3 Kb8 12. Qd2 Nb4 13. a3 Na6 14. Qf2 b6 15.
b4 c5 16. Rb1 Rc8 17. b5 Nc7 18. a4 d5 19. Bd2 Rhd8 20. Qg2 d4 21. Na2 Nce8 22.
Be2 Nd6 23. O-O Nh7 24. c4 Bg5 25. Bxg5 hxg5 26. h3 Nf6 27. g4 Rh8 28. Rf3 Rh4
29. Bf1 Rch8 30. Qe2 Nxg4 31. Rg3 Ne3 32. Rxg5 Nxf1 33. Rxf1 Rxh3 34. Rxg7 Qd8
0-1

[Event "Landesliga Ost MVP 2013-14"]
[Site "?"]
[Date "2014.03.16"]
[Round "7.7"]
[White "Zibell, Walter"]
[Black "Mielke, Sven"]
[Result "1-0"]
[WhiteElo "1782"]
[BlackElo "1812"]
[PlyCount "55"]
[EventType "team-tourn"]
[EventRounds "9"]
[EventCountry "GER"]
[WhiteTeam "SG Eintracht Neubrandenburg"]
[BlackTeam "SV Gryps"]
[WhiteTeamCountry "GER"]
[BlackTeamCountry "GER"]

1. d4 d5 2. c4 e6 3. Nc3 Nf6 4. Nf3 Nbd7 5. Bg5 c6 6. e3 Be7 7. Bd3 O-O 8. O-O
Re8 9. cxd5 exd5 10. Qc2 Nf8 11. Ne5 Nh5 12. Bxe7 Qxe7 13. Qe2 g6 14. Rae1 f6
15. Nf3 Bg4 16. h3 Bxf3 17. Qxf3 f5 18. g4 fxg4 19. hxg4 Qg5 20. Kh2 Nf6 21.
Rg1 Qh4+ 22. Qh3 Qxf2+ 23. Kh1 Ne4 24. Nxe4 dxe4 25. Bc4+ Kg7 26. Rgf1 Qd2 27.
Rf7+ Kh8 28. Qf1 1-0